00497nam a2200157Ia 4500008004100000040001800041041000800059100003300067245004900100260005700149300001700206490004700223504002100270650002500291650002300316130821s1950 ck gr spa  aCo-BoUCMbspa00aspa aLugones, Leopoldod1874-193800aPoemas de Leopoldo LugonescLeopoldo Lugones aMedellín (Antioquia, Colombia)bHorizontec[1950?] a40 páginas aEl Arco y la Lira; Poesía de Siempre; 39 aIncluye índice04aLiteratura argentina04aPoesía argentina